[Event "George Trundle NZ Reserves 2017"]
[Site "Auckland, NZL"]
[Date "2017.10.05"]
[Round "6.1"]
[White "Qin, Nicole Shu Yu"]
[Black "Wang, Aaron Ziwen"]
[Result "1/2-1/2"]
[BlackElo "1530"]
[WhiteElo "1547"]
[LiveChessVersion "1.4.8"]

1. d4 {[%clk 1:30:57]} Nf6 {[%clk 1:30:33]} 2. c4 {[%clk 1:31:14]} g6
{[%clk 1:30:40]} 3. Nc3 {[%clk 1:31:39]} Bg7 {[%clk 1:30:58]} 4. e4
{[%clk 1:30:00]} d6 {[%clk 1:31:10]} 5. f3 {[%clk 1:30:23]} O-O {[%clk 1:31:18]}
6. Be3 {[%clk 1:30:38]} c5 {[%clk 1:30:15]} 7. d5 {[%clk 1:28:38]} Na6
{[%clk 1:28:45]} 8. Bd3 {[%clk 1:26:31]} Nc7 {[%clk 1:27:25]} 9. Nge2
{[%clk 1:26:53]} a6 {[%clk 1:26:15]} 10. Qd2 {[%clk 1:27:02]} Rb8
{[%clk 1:24:19]} 11. Bh6 {[%clk 1:10:39]} e6 {[%clk 1:16:37]} 12. Bxg7
{[%clk 1:09:21]} Kxg7 {[%clk 1:16:46]} 13. O-O {[%clk 1:03:04]} exd5
{[%clk 1:15:59]} 14. exd5 {[%clk 1:03:04]} b5 {[%clk 1:15:06]} 15. b3
{[%clk 1:01:48]} Re8 {[%clk 1:08:55]} 16. Ng3 {[%clk 0:59:36]} Nd7
{[%clk 0:54:47]} 17. f4 {[%clk 0:48:40]} Nf6 {[%clk 0:47:36]} 18. f5
{[%clk 0:46:47]} Bd7 {[%clk 0:41:56]} 19. fxg6 {[%clk 0:46:16]} fxg6
{[%clk 0:40:51]} 20. Qf4 {[%clk 0:40:46]} Qe7 {[%clk 0:35:01]} 21. Nce4
{[%clk 0:27:34]} Rf8 {[%clk 0:28:11]} 22. Qxd6 {[%clk 0:22:59]} Qxd6
{[%clk 0:19:31]} 23. Nxd6 {[%clk 0:23:22]} bxc4 {[%clk 0:19:15]} 24. bxc4
{[%clk 0:23:11]} Nce8 {[%clk 0:19:06]} 25. Nxe8+ {[%clk 0:22:33]} Rfxe8
{[%clk 0:18:15]} 26. Rab1 {[%clk 0:20:57]} Rxb1 {[%clk 0:15:26]} 27. Rxb1
{[%clk 0:21:21]} Re3 {[%clk 0:15:31]} 28. Be2 {[%clk 0:17:01]} Ne4
{[%clk 0:13:03]} 29. Nxe4 {[%clk 0:15:38]} Rxe4 {[%clk 0:12:06]} 30. Bf1
{[%clk 0:13:31]} Bg4 {[%clk 0:08:22]} 31. h3 {[%clk 0:12:07]} Be2
{[%clk 0:08:20]} 32. Rb7+ {[%clk 0:10:17]} Kh6 {[%clk 0:08:33]} 33. d6
{[%clk 0:08:17]} Bxf1 {[%clk 0:08:41]} 34. d7 {[%clk 0:07:24]} Rd4
{[%clk 0:05:24]} 35. Kxf1 {[%clk 0:07:44]} Kg5 {[%clk 0:04:59]} 36. Rc7
{[%clk 0:06:30]} Kf6 {[%clk 0:03:19]} 37. Rxc5 {[%clk 0:06:18]} Ke7
{[%clk 0:01:52]} 38. Rd5 {[%clk 0:03:58]} Rxd5 {[%clk 0:01:54]} 39. cxd5
{[%clk 0:04:23]} Kxd7 {[%clk 0:02:13]} 40. Ke2 {[%clk 0:34:48]} Kd6
{[%clk 0:32:22]} 41. Ke3 {[%clk 0:35:12]} Kxd5 {[%clk 0:32:00]} 42. Kd3
{[%clk 0:35:36]} a5 {[%clk 0:31:39]} 43. g3 {[%clk 0:34:58]} h6 {[%clk 0:30:57]}
1/2-1/2

[Event "George Trundle NZ Reserves 2017"]
[Site "Auckland, NZL"]
[Date "2017.10.05"]
[Round "6.2"]
[White "Qin, Oscar Shu Xuan"]
[Black "Ha, Huy Minh (Timothy)"]
[Result "1/2-1/2"]
[BlackElo "1690"]
[WhiteElo "1415"]
[LiveChessVersion "1.4.8"]

1. e4 {[%clk 1:30:58]} g6 {[%clk 1:30:45]} 2. d4 {[%clk 1:26:05]} Bg7
{[%clk 1:31:10]} 3. Nf3 {[%clk 1:26:14]} d6 {[%clk 1:31:04]} 4. Bc4
{[%clk 1:25:07]} e6 {[%clk 1:31:13]} 5. O-O {[%clk 1:23:31]} a6 {[%clk 1:29:25]}
6. a4 {[%clk 1:22:26]} Nf6 {[%clk 1:27:56]} 7. Bg5 {[%clk 1:21:18]} O-O
{[%clk 1:25:16]} 8. Qe2 {[%clk 1:19:30]} Qe8 {[%clk 1:23:55]} 9. Nbd2
{[%clk 1:14:15]} c5 {[%clk 1:19:04]} 10. dxc5 {[%clk 1:11:38]} dxc5
{[%clk 1:19:25]} 11. e5 {[%clk 1:06:42]} Nd5 {[%clk 1:19:19]} 12. Ne4
{[%clk 1:05:36]} Qc6 {[%clk 0:58:42]} 13. Nd6 {[%clk 0:57:12]} f6
{[%clk 0:52:59]} 14. Bxd5 {[%clk 0:51:13]} exd5 {[%clk 0:51:32]} 15. Nxc8
{[%clk 0:48:33]} Qxc8 {[%clk 0:51:59]} 16. exf6 {[%clk 0:45:56]} Bxf6
{[%clk 0:52:23]} 17. Bxf6 {[%clk 0:46:20]} Rxf6 {[%clk 0:52:37]} 18. Rad1
{[%clk 0:46:19]} Re6 {[%clk 0:46:16]} 19. Qd2 {[%clk 0:45:46]} Rd6
{[%clk 0:43:03]} 20. Qf4 {[%clk 0:43:32]} Qf8 {[%clk 0:38:31]} 21. Qxf8+
{[%clk 0:42:53]} Kxf8 {[%clk 0:39:00]} 22. Rfe1 {[%clk 0:42:46]} Nc6
{[%clk 0:38:24]} 23. Ng5 {[%clk 0:41:41]} Kg8 {[%clk 0:36:58]} 24. Ne4
{[%clk 0:41:54]} Re6 {[%clk 0:32:27]} 25. Nxc5 {[%clk 0:42:13]} Rxe1+
{[%clk 0:32:53]} 26. Rxe1 {[%clk 0:42:37]} b5 {[%clk 0:29:51]} 27. axb5
{[%clk 0:42:47]} axb5 {[%clk 0:30:18]} 28. Rd1 {[%clk 0:42:30]} Ra2
{[%clk 0:26:37]} 29. Nd3 {[%clk 0:42:13]} Kf7 {[%clk 0:26:04]} 30. f4
{[%clk 0:42:20]} d4 {[%clk 0:20:12]} 31. Kf2 {[%clk 0:40:45]} 1/2-1/2

[Event "George Trundle NZ Reserves 2017"]
[Site "Auckland, NZL"]
[Date "2017.10.05"]
[Round "6.3"]
[White "Mukkattu, Philip"]
[Black "Peak, Stephen"]
[Result "1/2-1/2"]
[BlackElo "1670"]
[WhiteElo "1676"]
[LiveChessVersion "1.4.8"]

1. d4 {[%clk 1:30:50]} Nf6 {[%clk 1:30:38]} 2. c4 {[%clk 1:30:51]} g6
{[%clk 1:30:47]} 3. Nf3 {[%clk 1:31:04]} Bg7 {[%clk 1:30:43]} 4. Nc3
{[%clk 1:31:15]} O-O {[%clk 1:30:29]} 5. e4 {[%clk 1:31:28]} d6 {[%clk 1:30:50]}
6. Bg5 {[%clk 1:30:14]} Nbd7 {[%clk 1:30:32]} 7. Qd2 {[%clk 1:24:13]} c6
{[%clk 1:23:17]} 8. h4 {[%clk 1:24:08]} Qe8 {[%clk 1:19:04]} 9. O-O-O
{[%clk 1:13:36]} e5 {[%clk 1:10:31]} 10. dxe5 {[%clk 1:09:14]} dxe5
{[%clk 1:08:49]} 11. Qd6 {[%clk 1:06:40]} Ng4 {[%clk 1:02:46]} 12. Qd2
{[%clk 0:59:28]} f6 {[%clk 1:00:50]} 13. Be3 {[%clk 0:59:26]} Nxe3
{[%clk 1:00:12]} 14. Qxe3 {[%clk 0:59:53]} Qe7 {[%clk 0:52:43]} 15. Nd2
{[%clk 0:54:54]} Nc5 {[%clk 0:51:01]} 16. f3 {[%clk 0:51:39]} f5 {[%clk 0:43:11]}
17. h5 {[%clk 0:49:18]} f4 {[%clk 0:43:27]} 18. Qf2 {[%clk 0:46:46]} g5
{[%clk 0:41:41]} 19. Nb3 {[%clk 0:33:54]} Nxb3+ {[%clk 0:41:34]} 20. axb3
{[%clk 0:34:21]} b6 {[%clk 0:41:28]} 21. g3 {[%clk 0:34:03]} Qf6 {[%clk 0:33:40]}
22. Be2 {[%clk 0:31:47]} h6 {[%clk 0:31:29]} 23. c5 {[%clk 0:28:22]} Rd8
{[%clk 0:30:30]} 24. Rxd8+ {[%clk 0:27:07]} Qxd8 {[%clk 0:30:57]} 25. Bc4+ Kh8
{[%clk 0:30:42]} 26. Rd1 {[%clk 0:25:45]} Qe8 {[%clk 0:30:41]} 27. gxf4
{[%clk 0:20:20]} b5 {[%clk 0:29:35]} 28. Bf1 {[%clk 0:17:48]} exf4
{[%clk 0:28:57]} 29. Rd6 {[%clk 0:17:18]} Be6 {[%clk 0:27:51]} 30. b4
{[%clk 0:14:44]} a5 {[%clk 0:23:23]} 31. bxa5 {[%clk 0:12:45]} Rxa5
{[%clk 0:22:48]} 32. Qd2 {[%clk 0:12:38]} Ra8 {[%clk 0:22:02]} 33. Ne2
{[%clk 0:08:56]} Be5 {[%clk 0:12:56]} 34. Rd3 {[%clk 0:06:17]} Kg7
{[%clk 0:08:54]} 35. Kc2 {[%clk 0:04:14]} Ra2 {[%clk 0:08:03]} 36. Nc3
{[%clk 0:04:10]} Ra1 {[%clk 0:06:40]} 37. Be2 {[%clk 0:03:00]} b4
{[%clk 0:06:11]} 38. Nb1 {[%clk 0:01:45]} Ra2 {[%clk 0:04:04]} 39. Kd1
{[%clk 0:00:45]} Rxb2 {[%clk 0:04:16]} 40. Qc1 {[%clk 0:30:42]} Qxh5
{[%clk 0:33:00]} 41. Nd2 {[%clk 0:26:12]} Qh1+ {[%clk 0:32:14]} 42. Bf1
{[%clk 0:26:06]} Bh3 {[%clk 0:13:45]} 43. Ke1 {[%clk 0:26:24]} Bc3
{[%clk 0:08:50]} 44. Rxc3 {[%clk 0:26:31]} Rxd2 {[%clk 0:09:09]} 45. Kxd2
{[%clk 0:25:35]} Qh2+ {[%clk 0:07:30]} 46. Ke1 {[%clk 0:23:41]} Qg3+
{[%clk 0:07:17]} 47. Kd2 {[%clk 0:22:20]} bxc3+ {[%clk 0:04:50]} 48. Qxc3+
{[%clk 0:22:48]} Kg6 {[%clk 0:04:09]} 49. Be2 {[%clk 0:18:52]} Qf2
{[%clk 0:03:55]} 50. Qc4 {[%clk 0:17:34]} Bf1 {[%clk 0:02:56]} 51. Qe6+
{[%clk 0:17:17]} Kh5 {[%clk 0:03:16]} 52. Qg4+ {[%clk 0:17:34]} Kg6
{[%clk 0:03:29]} 53. Qf5+ {[%clk 0:16:58]} Kh5 {[%clk 0:02:07]} 54. Qg4+
{[%clk 0:17:14]} 1/2-1/2

[Event "George Trundle NZ Reserves 2017"]
[Site "Auckland, NZL"]
[Date "2017.10.05"]
[Round "6.4"]
[White "Carpinter, Bernard"]
[Black "Braganza, Nadia"]
[Result "1/2-1/2"]
[BlackElo "1517"]
[WhiteElo "1860"]
[LiveChessVersion "1.4.8"]

1. d4 {[%clk 1:30:57]} Nf6 {[%clk 1:30:46]} 2. Nf3 {[%clk 1:31:14]} g6
{[%clk 1:30:51]} 3. Bg5 {[%clk 1:31:01]} Bg7 {[%clk 1:30:55]} 4. Nbd2
{[%clk 1:31:09]} O-O {[%clk 1:30:55]} 5. c3 {[%clk 1:31:28]} d5 {[%clk 1:30:01]}
6. e3 {[%clk 1:31:45]} c5 {[%clk 1:17:05]} 7. Be2 {[%clk 1:25:38]} Qb6
{[%clk 1:16:18]} 8. Qb3 {[%clk 1:24:34]} Nc6 {[%clk 1:13:50]} 9. O-O
{[%clk 1:24:02]} Qxb3 {[%clk 1:11:45]} 10. axb3 {[%clk 1:23:31]} cxd4
{[%clk 1:11:22]} 11. exd4 {[%clk 1:23:36]} h6 {[%clk 1:11:06]} 12. Bh4
{[%clk 1:22:52]} Bg4 {[%clk 1:08:16]} 13. Rfe1 {[%clk 1:20:13]} Ne4
{[%clk 0:56:14]} 14. h3 {[%clk 1:11:12]} Nxd2 {[%clk 0:55:09]} 15. Nxd2 Bxe2 16.
Rxe2 {[%clk 1:10:27]} e6 {[%clk 0:48:17]} 17. b4 {[%clk 1:08:35]} Rfe8
{[%clk 0:39:18]} 18. Bg3 {[%clk 1:08:07]} Ne7 {[%clk 0:34:50]} 19. b5
{[%clk 1:05:49]} Nf5 {[%clk 0:32:37]} 20. Bh2 {[%clk 1:05:01]} Bf8
{[%clk 0:23:41]} 21. g4 {[%clk 1:00:12]} Nd6 {[%clk 0:22:10]} 22. Bxd6
{[%clk 1:00:33]} Bxd6 {[%clk 0:22:33]} 23. Nf3 {[%clk 1:00:31]} Kg7
{[%clk 0:21:36]} 24. Ree1 {[%clk 1:00:11]} Bc7 {[%clk 0:19:42]} 25. Kf1
{[%clk 0:58:39]} Bd6 {[%clk 0:15:24]} 26. Ra4 {[%clk 0:58:05]} b6
{[%clk 0:13:33]} 27. Rea1 {[%clk 0:56:28]} Re7 {[%clk 0:12:39]} 28. Ne5
{[%clk 0:56:35]} Bxe5 {[%clk 0:12:42]} 29. dxe5 {[%clk 0:56:58]} Rc7
{[%clk 0:12:19]} 30. Ke2 {[%clk 0:55:45]} f5 {[%clk 0:10:03]} 31. gxf5
{[%clk 0:52:22]} exf5 {[%clk 0:05:54]} 32. Kd3 {[%clk 0:52:28]} Kf7
{[%clk 0:05:44]} 33. Ra6 {[%clk 0:52:39]} Rb7 {[%clk 0:05:17]} 34. Kd4
{[%clk 0:51:42]} Ke6 {[%clk 0:05:29]} 35. b3 {[%clk 0:51:49]} g5 {[%clk 0:04:56]}
36. c4 {[%clk 0:52:08]} dxc4 {[%clk 0:05:13]} 37. bxc4 {[%clk 0:52:29]} Rd8+
{[%clk 0:05:04]} 38. Kc3 {[%clk 0:52:51]} Kxe5 {[%clk 0:05:01]} 39. Rxa7
{[%clk 0:53:00]} Rxa7 {[%clk 0:05:08]} 40. Rxa7 {[%clk 0:53:24]} Rd6
{[%clk 0:05:07]} 41. Re7+ {[%clk 1:19:00]} Kf6 {[%clk 0:33:34]} 42. Rc7
{[%clk 1:19:06]} g4 {[%clk 0:26:06]} 43. hxg4 {[%clk 1:18:50]} fxg4
{[%clk 0:26:26]} 44. Kb4 {[%clk 1:11:26]} Ke6 {[%clk 0:21:15]} 45. Rg7
{[%clk 0:59:54]} Kf5 {[%clk 0:19:14]} 46. Rf7+ {[%clk 0:59:39]} Ke4
{[%clk 0:13:52]} 47. Re7+ {[%clk 0:52:02]} Kf5 {[%clk 0:13:17]} 1/2-1/2

[Event "George Trundle NZ Reserves 2017"]
[Site "Auckland, NZL"]
[Date "2017.10.05"]
[Round "6.5"]
[White "Nagorski, Alex"]
[Black "Meng, Richard"]
[Result "1/2-1/2"]
[BlackElo "1646"]
[WhiteElo "1843"]
[LiveChessVersion "1.4.8"]

1. e4 {[%clk 1:30:56]} c5 {[%clk 1:30:37]} 2. Nf3 {[%clk 1:31:21]} e6
{[%clk 1:29:59]} 3. d4 {[%clk 1:31:46]} cxd4 {[%clk 1:29:41]} 4. Nxd4
{[%clk 1:32:11]} a6 {[%clk 1:28:50]} 5. g3 {[%clk 1:32:27]} d5 {[%clk 1:26:19]}
6. Nb3 {[%clk 1:30:37]} dxe4 {[%clk 1:24:13]} 7. Qxd8+ {[%clk 1:30:35]} Kxd8
{[%clk 1:24:33]} 8. Nc3 {[%clk 1:30:51]} Bb4 {[%clk 1:23:18]} 9. Bg5+
{[%clk 1:30:25]} f6 {[%clk 1:21:44]} 10. O-O-O+ {[%clk 1:30:36]} Ke8
{[%clk 1:21:09]} 11. Bd2 {[%clk 1:30:03]} Bxc3 {[%clk 1:09:09]} 12. Bxc3
{[%clk 1:30:06]} e5 {[%clk 1:02:27]} 13. h3 {[%clk 1:24:54]} Nc6 {[%clk 0:55:57]}
14. Nc5 {[%clk 1:21:19]} f5 {[%clk 0:54:21]} 15. Bc4 {[%clk 1:17:15]} Ke7
{[%clk 0:51:32]} 16. Rhe1 {[%clk 1:14:52]} Nf6 {[%clk 0:51:05]} 17. f4
{[%clk 1:14:26]} exf4 {[%clk 0:47:50]} 18. gxf4 {[%clk 1:11:01]} Rd8
{[%clk 0:43:12]} 19. Rxd8 {[%clk 1:07:15]} Nxd8 {[%clk 0:43:10]} 20. Bb4
{[%clk 1:07:27]} Ke8 {[%clk 0:40:32]} 21. Rg1 {[%clk 1:05:20]} b6
{[%clk 0:38:51]} 22. Rxg7 {[%clk 0:56:51]} bxc5 {[%clk 0:31:36]} 23. Bxc5
{[%clk 0:57:05]} Nc6 {[%clk 0:21:46]} 24. Bf7+ {[%clk 0:38:02]} Kd8
{[%clk 0:20:34]} 25. Bb6+ {[%clk 0:32:42]} Ke7 {[%clk 0:16:43]} 26. Bc5+
{[%clk 0:32:15]} Kd8 {[%clk 0:17:07]} 27. Bb6+ {[%clk 0:29:34]} Ke7
{[%clk 0:17:30]} 1/2-1/2